ロード中...
Assessment of Rehabilitatine and Quality of Life Issues In Litigation
| 第一著者: | |
|---|---|
| その他の著者: | |
| フォーマット: | Printed Book |
| 出版事項: |
New York
CRC Press
1999
|
| LEADER | 00412nam a22001217a 4500 | ||
|---|---|---|---|
| 100 | |a Patricia A Marphy.ed. |9 39134 | ||
| 245 | |a Assessment of Rehabilitatine and Quality of Life Issues In Litigation | ||
| 260 | |a New York |b CRC Press |c 1999 | ||
| 300 | |a 336p. | ||
| 700 | |a John M Williams.ed. |9 39135 | ||
| 942 | |c BK | ||
| 999 | |c 90732 |d 90732 | ||
| 952 | |0 0 |1 0 |4 0 |7 0 |9 83343 |a SBES |b SBES |d 2016-08-26 |l 0 |p SBES02109 |r 2016-08-26 |w 2016-08-26 |y BK | ||